Structure and process in international politics / (Record no. 184275)
[ view plain ]
| 000 -LEADER | |
|---|---|
| fixed length control field | 00774 a2200205 4500 |
| 003 - CONTROL NUMBER IDENTIFIER | |
| control field | NUST |
| 005 - DATE AND TIME OF LATEST TRANSACTION | |
| control field | 20221215163534.0 |
| 010 ## - LIBRARY OF CONGRESS CONTROL NUMBER | |
| LC control number | 72009388 |
| 020 ## - INTERNATIONAL STANDARD BOOK NUMBER | |
| International Standard Book Number | 060429054 |
| 040 ## - CATALOGING SOURCE | |
| Transcribing agency | Nust |
| 082 00 - DEWEY DECIMAL CLASSIFICATION NUMBER | |
| Classification number | 327,HOP |
| 100 1# - MAIN ENTRY--PERSONAL NAME | |
| Personal name | Hopkins, Raymond F. |
| 9 (RLIN) | 105017 |
| 245 10 - TITLE STATEMENT | |
| Title | Structure and process in international politics / |
| Statement of responsibility, etc. | Raymond F. Hopkins [and] Richard W. Mansbach. |
| 260 ## - PUBLICATION, DISTRIBUTION, ETC. | |
| Place of publication, distribution, etc. | New York, |
| Name of publisher, distributor, etc. | Harper & Row |
| Date of publication, distribution, etc. | [1973] |
| 300 ## - PHYSICAL DESCRIPTION | |
| Extent | viii, 498 p.: |
| Other physical details | illus. |
| Dimensions | 27 cm. |
| 505 ## - FORMATTED CONTENTS NOTE | |
| Formatted contents note | A Framework For Analysis (Page-1), The International Systems Parts and Wholes (Page-79), The Dynamics of the International Systems (Page-275), Security and Survival (Page-441). |
| 650 #0 - SUBJECT ADDED ENTRY--TOPICAL TERM | |
| Topical term or geographic name entry element | International relations. |
| 700 1# - ADDED ENTRY--PERSONAL NAME | |
| Personal name | Mansbach, Richard W., |
| Dates associated with a name | 1943- |
| 9 (RLIN) | 105018 |
| 942 ## - ADDED ENTRY ELEMENTS (KOHA) | |
| Source of classification or shelving scheme | |
| Koha item type | Book |
| Call number prefix | 327,HOP |
| Withdrawn status | Lost status | Source of classification or shelving scheme | Damaged status | Not for loan | Permanent Location | Current Location | Shelving location | Date acquired | Full call number | Barcode | Date last seen | Price effective from | Koha item type | Public note |
|---|---|---|---|---|---|---|---|---|---|---|---|---|---|---|
| Military College of Signals (MCS) | Military College of Signals (MCS) | General Stacks | 12/12/2016 | 327,HOP | MCS2189 | 12/08/2016 | 12/12/2016 | Book | Almirah No.49, Shelf No.6 |
